Visualizzazione normale
Vista MARC
- Blasetti Alessandro
di Personal Name
Records bibliografici associati: 1
001 - CONTROL NUMBER
- control field: 38912
003 - CONTROL NUMBER IDENTIFIER
- control field: IT-RoPau
005 - DATE AND TIME OF LATEST TRANSACTION
- control field: 20151126085932.0
008 - FIXED-LENGTH DATA ELEMENTS
- fixed length control field: 151126|| aca||aabn | a|a d
040 ## - CATALOGING SOURCE
- Original cataloging agency: IT-RoPau
- Transcribing agency: IT-RoPau
100 ## - HEADING--PERSONAL NAME
- Personal name: Blasetti Alessandro
- Relator term: (soggetto)
- Miscellaneous information: Codice Soggetto SPICS: 9116
670 ## - SOURCE DATA FOUND
- Source citation: Work cat.: (IT-RoPau)105004: Blasetti Alessandro Codice regista SPICS: 9116 38909, CORONA DI FERRO (LA) CORONA DI FERRO (LA) (Rif. Codice opera principale : 63192)